Proměna / Franz Kafka. A poprvé také, Zpětná proměna Řehoře Samsy / Karl Brand ; přeložil Pavel Cink
Record details
- ISBN: 978-80-7253-467-8
- Physical Description: 184 stran : ilustrace (některé barevné), portréty, faksimile ; 17 cm
- Publisher: [Praha] : Vitalis, [2024]
- Copyright: ©2024
Content descriptions
| General Note: | "S doslovem ke vzniku a ohlasu díla" Přeloženo z němčiny Vydáno ve spolupráci s Institutem Franze Kafky v Praze |
| Bibliography, etc. Note: | Obsahuje bibliografické odkazy |
Search for related items by subject
| Genre: | německy psané povídky short stories in German |
Available copies
- 1 of 1 copy available at Common Catalog SPOK.
Holds
- 0 current holds with 1 total copy.
Other Formats and Editions
Show Only Available Copies
| Location | Call Number / Copy Notes | Barcode | Shelving Location | Status | Due Date |
|---|---|---|---|---|---|
| The Jewish community of Prague | K 3987 | 4638304930 | K - Beletrie | Available | - |
| LDR | 01558nam a2200409 i 4500 | ||
|---|---|---|---|
| 001 | 57931 | ||
| 003 | CZ-PrJAB | ||
| 005 | 20240807191517.0 | ||
| 007 | ta | ||
| 008 | 240704t20242024xr ach g 000 j cze | ||
| 015 | . | ‡acnb003614254 | |
| 020 | . | ‡a978-80-7253-467-8 ‡q(brožováno) | |
| 035 | . | ‡a(CZ PrNK)nkc20243614254 | |
| 040 | . | ‡aABG001 ‡bcze ‡dBOA001 ‡erda | |
| 041 | 1 | . | ‡acze ‡hger |
| 072 | 7. | ‡a821.112.2-3 ‡xNěmecká próza, německy psaná ‡2Konspekt ‡925 | |
| 080 | . | ‡a821.112.2(437.3)-32 ‡2MRF | |
| 080 | . | ‡a(0:82-32) ‡2MRF | |
| 245 | 0 | 0. | ‡aProměna / ‡cFranz Kafka. A poprvé také, Zpětná proměna Řehoře Samsy / Karl Brand ; přeložil Pavel Cink |
| 264 | 1. | ‡a[Praha] : ‡bVitalis, ‡c[2024] | |
| 264 | 4. | ‡c©2024 | |
| 300 | . | ‡a184 stran : ‡bilustrace (některé barevné), portréty, faksimile ; ‡c17 cm | |
| 336 | . | ‡atext ‡btxt ‡2rdacontent | |
| 337 | . | ‡abez média ‡bn ‡2rdamedia | |
| 338 | . | ‡asvazek ‡bnc ‡2rdacarrier | |
| 500 | . | ‡a"S doslovem ke vzniku a ohlasu díla" | |
| 500 | . | ‡aPřeloženo z němčiny | |
| 500 | . | ‡aVydáno ve spolupráci s Institutem Franze Kafky v Praze | |
| 504 | . | ‡aObsahuje bibliografické odkazy | |
| 655 | 7. | ‡aněmecky psané povídky ‡7fd132934 ‡2czenas | |
| 655 | 9. | ‡ashort stories in German ‡2eczenas | |
| 700 | 1 | . | ‡aCink, Pavel, ‡d1951- ‡7jn20001103451 ‡4trl |
| 700 | 1 | 2. | ‡aKafka, Franz, ‡d1883-1924. ‡tVerwandlung. ‡lČesky ‡7aun2007400208 |
| 700 | 1 | 2. | ‡aBrand, Karl, ‡d1895-1917. ‡tRückverwandlung des Gregor Samsa. ‡lČesky |
| 910 | . | ‡aABE461 | |
| 995 | . | ‡aska | |
| 901 | . | ‡a57931 ‡bAUTOGEN ‡c57931 ‡tbiblio | |